Napoleon & the Archduke Charles; (Record no. 552829)

000 -LEADER
fixed length control field 00621cam a22001451 4500
082 ## - DEWEY DECIMAL CLASSIFICATION NUMBER
Classification number 940.27
Author Mark PET
100 1# - MAIN ENTRY--PERSONAL NAME
Personal name Petre, F. Loraine
9 (RLIN) 50025
245 00 - TITLE STATEMENT
Title Napoleon & the Archduke Charles;
Remainder of title a history of the Franco-Austrian campaign in the valley of the Danube in 1809,
Statement of responsibility, etc. by F. Loraine Petre; with eight illustrations and five sheets of maps and plans.
260 ## - PUBLICATION, DISTRIBUTION, ETC.
Place of publication, distribution, etc. London,
Name of publisher, distributor, etc. J. Lane;
Place of publication, distribution, etc. New York,
Name of publisher, distributor, etc. J. Lane company,
Date of publication, distribution, etc. 1909 [1908]
300 ## - PHYSICAL DESCRIPTION
Extent 413 p.
Other physical details illus.
Dimensions 23 cm.
526 ## - STUDY PROGRAM INFORMATION NOTE
Program name 0
Interest level 0
Reading level 0
Title point value 940_270000000000000_PET
650 #0 - SUBJECT ADDED ENTRY--TOPICAL TERM
Topical term or geographic name entry element MCE
9 (RLIN) 379
650 #0 - SUBJECT ADDED ENTRY--TOPICAL TERM
Topical term or geographic name entry element Napoleonic Wars, 1800-1815
General subdivision Campaigns
Geographic subdivision Austria.
9 (RLIN) 50074
942 ## - ADDED ENTRY ELEMENTS (KOHA)
Source of classification or shelving scheme
Koha item type Book
Holdings
Withdrawn status Lost status Source of classification or shelving scheme Damaged status Not for loan Permanent Location Current Location Shelving location Date acquired Total Checkouts Full call number Barcode Date last seen Price effective from Koha item type
          Military College of Engineering (MCE) Military College of Engineering (MCE)   01/23/2015   940.27 PET MCE-ECN/26 01/23/2015 01/23/2015 Book
© 2023 Central Library, National University of Sciences and Technology. All Rights Reserved.